[Event "COL-chC"]
[Site "Bogota"]
[Date "2019.08.29"]
[Round "2"]
[White "Gomez, Dario G"]
[Black "Ruiz Cruz, Cesar Augusto"]
[Result "1/2-1/2"]
[WhiteElo "1920"]
[BlackElo "1814"]
[PlyCount "78"]
[EventDate "2019.08.28"]
[EventType "swiss"]
[EventRounds "7"]
[EventCountry "COL"]
[SourceTitle "EXT 2020"]
[Source "ChessBase"]
[SourceDate "2019.10.17"]
[SourceVersion "1"]
[SourceVersionDate "2019.10.17"]
[SourceQuality "1"]

1. c4 e5 2. Nc3 Nf6 3. e4 d6 4. g3 Nc6 5. Bg2 Nd4 6. h3 Be7 7. Nge2 c5 8. d3 h6 9. Nxd4 cxd4 10. Ne2 Bd7 11. f4 Qb6 12. f5 0-0-0 13. Qc2 Kb8 14. Bd2 Qc6 15. 0-0 g5 16. b4 Rc8 17. a4 Bd8 18. Qb3 Be8 19. b5 Qd7 20. Rfb1 Bb6 21. Kh2 Bc5 22. Qd1 Qe7 23. a5 Qf8 24. Nc1 Qg7 25. Nb3 Nd7 26. Qe1 f6 27. Ra2 h5 28. Rab2 Rh7 29. Nc1 Ka8 30. Na2 Qe7 31. Bc1 g4 32. h4 Kb8 33. Bd2 Ka8 34. Bf1 Kb8 35. Bb4 Qf8 36. Be2 Ka8 37. Bd2 Qe7 38. Nb4 Bxb4 39. Rxb4 Nc5 1/2-1/2

[Event "COL-chC"]
[Site "Bogota"]
[Date "2019.08.29"]
[Round "3"]
[White "Suarez Espinosa, Luis Alberto"]
[Black "Gomez, Dario G"]
[Result "1-0"]
[WhiteElo "1793"]
[BlackElo "1920"]
[PlyCount "57"]
[EventDate "2019.08.28"]
[EventType "swiss"]
[EventRounds "7"]
[EventCountry "COL"]
[SourceTitle "EXT 2020"]
[Source "ChessBase"]
[SourceDate "2019.10.17"]
[SourceVersion "1"]
[SourceVersionDate "2019.10.17"]
[SourceQuality "1"]

1. e4 g6 2. Nf3 Bg7 3. g3 d6 4. Bg2 c5 5. 0-0 Nc6 6. c3 Bg4 7. h3 Bd7 8. Re1 Qc8 9. Kh2 h5 10. d4 cxd4 11. cxd4 Nh6 12. Nc3 Ng8 13. Be3 Na5 14. Rc1 Qd8 15. e5 dxe5 16. dxe5 Nc4 17. Bg5 Bc6 18. Qe2 Nb6 19. Red1 Qb8 20. e6 f6 21. Bf4 Qc8 22. Nb5 Kf8 23. Nh4 Bh6 24. Nxg6+ Kg7 25. Nxh8 Bxf4 26. gxf4 Kxh8 27. Qxh5+ Kg7 28. Rg1 Kf8 29. Qf7# 1-0

[Event "COL-ch"]
[Site "Bogota"]
[Date "2018.11.09"]
[Round "6"]
[White "Bejarano, Danny Andres"]
[Black "Gomez, Dario G"]
[Result "1-0"]
[WhiteElo "2063"]
[BlackElo "1915"]
[PlyCount "81"]
[EventDate "2018.11.06"]
[EventType "swiss"]
[EventRounds "9"]
[EventCountry "COL"]
[SourceTitle "CBM 187 Extra"]
[Source "ChessBase"]
[SourceDate "2018.11.04"]
[SourceVersion "1"]
[SourceVersionDate "2018.11.04"]
[SourceQuality "1"]

1. e4 g6 2. d4 Bg7 3. f4 e6 4. Nf3 c5 5. c3 b6 6. Na3 Ne7 7. dxc5 bxc5 8. Qd6 Qb6 9. Nb5 Qxd6 10. Nxd6+ Kf8 11. Be3 Ba6 12. Bxc5 Bxf1 13. Rxf1 Na6 14. Ba3 f6 15. 0-0-0 Bh6 16. g3 Kg7 17. Kb1 Nc6 18. Nb7 Nab8 19. Bd6 a5 20. g4 Kf7 21. g5 Bg7 22. gxf6 Bxf6 23. Nd4 Ra7 24. Nc5 Rc8 25. Nb5 Ra8 26. Bxb8 Rcxb8 27. Rxd7+ Kg8 28. a4 Rd8 29. Rfd1 Rxd7 30. Rxd7 Rd8 31. e5 Bh4 32. Rxd8+ Nxd8 33. Nd4 Kf7 34. Ncb3 Nb7 35. Kc2 Bf2 36. Kd3 Bg1 37. h3 g5 38. fxg5 Kg6 39. Nxe6 Kf5 40. Ned4+ Kf4 41. Ne2+ 1-0

[Event "COL-ch"]
[Site "Bogota"]
[Date "2018.11.09"]
[Round "5"]
[White "Gomez, Dario G"]
[Black "Corredor Rengifo, Luis Fernando"]
[Result "0-1"]
[WhiteElo "1915"]
[BlackElo "2158"]
[PlyCount "56"]
[EventDate "2018.11.06"]
[EventType "swiss"]
[EventRounds "9"]
[EventCountry "COL"]
[SourceTitle "CBM 187 Extra"]
[Source "ChessBase"]
[SourceDate "2018.11.04"]
[SourceVersion "1"]
[SourceVersionDate "2018.11.04"]
[SourceQuality "1"]

1. c4 e5 2. Nc3 Nf6 3. e4 Bb4 4. Nge2 0-0 5. g3 d6 6. Bg2 Bg4 7. h3 Be6 8. d3 Qd7 9. f4 exf4 10. gxf4 Nc6 11. Be3 Rfe8 12. Kf2 Qe7 13. Ng3 d5 14. cxd5 Bxc3 15. dxe6 Bd4 16. exf7+ Qxf7 17. Nf5 Bxe3+ 18. Nxe3 Rad8 19. e5 Nxe5 20. d4 Ne4+ 21. Bxe4 Qxf4+ 22. Bf3 Rxd4 23. Qb3+ Kh8 24. Ng2 Rd2+ 25. Kf1 Qg3 26. Qe3 Rd3 27. Qe4 Rf8 28. Ke2 Rdxf3 0-1

[Event "Bogota AlphaZero op"]
[Site "Bogota"]
[Date "2018.08.17"]
[Round "1"]
[White "Gomez, Dario G"]
[Black "Lancheros Suescun, Mario"]
[Result "1-0"]
[WhiteElo "1915"]
[BlackElo "1860"]
[PlyCount "27"]
[EventDate "2018.08.17"]
[EventType "swiss"]
[EventRounds "7"]
[EventCountry "COL"]
[SourceTitle "CBM 186 Extra"]
[Source "ChessBase"]
[SourceDate "2018.08.24"]
[SourceVersion "1"]
[SourceVersionDate "2018.08.24"]
[SourceQuality "1"]

1. c4 Nf6 2. Nc3 e6 3. e4 d6 4. g3 c5 5. Bg2 Nc6 6. Nge2 Be7 7. 0-0 h6 8. d3 Rb8 9. a4 0-0 10. h3 Ne8 11. f4 e5 12. Be3 Nf6 13. Kh2 Ne8 14. Qd2 1-0

[Event "Bogota Navidad op"]
[Site "Bogota"]
[Date "2016.12.10"]
[Round "7"]
[White "Cardozo, Stid Jafhar"]
[Black "Gomez, Dario G"]
[Result "1-0"]
[WhiteElo "1727"]
[BlackElo "1984"]
[PlyCount "103"]
[EventDate "2016.12.07"]
[EventType "swiss"]
[EventRounds "9"]
[EventCountry "COL"]
[SourceTitle "CBM 176 Extra"]
[Source "ChessBase"]
[SourceDate "2017.03.02"]
[SourceVersion "1"]
[SourceVersionDate "2017.03.02"]
[SourceQuality "1"]

1. e4 g6 2. d4 c5 3. Nf3 Bg7 4. Nc3 cxd4 5. Nxd4 Nc6 6. Be3 a6 7. Be2 Nf6 8. 0-0 0-0 9. a4 Qa5 10. Qd2 e6 11. Nb3 Qd8 12. Bc5 Re8 13. f4 d5 14. e5 Nd7 15. Bd6 Ne7 16. Bd3 b6 17. Ne2 Bb7 18. Ned4 Nc8 19. Ba3 Qc7 20. a5 b5 21. Rae1 Kh8 22. Qf2 Rg8 23. g4 Bf8 24. Bxf8 Nxf8 25. Re3 Ne7 26. Qh4 Rg7 27. h3 Re8 28. Kh2 Ng8 29. Rfe1 Bc8 30. Qf2 f6 31. Qh4 g5 32. Qg3 fxe5 33. fxe5 Ne7 34. Rf1 Neg6 35. Bxg6 Nxg6 36. c3 Nf4 37. Rf2 Rf7 38. Nf3 h6 39. h4 Qe7 40. Nbd4 Bd7 41. Kg1 Ref8 42. hxg5 hxg5 43. Rh2+ Kg7 44. Rh1 Ng6 45. Rh5 Nh4 46. Rxg5+ Qxg5 47. Nxg5 Rf1+ 48. Kh2 R8f2+ 49. Qxf2 Rxf2+ 50. Kg3 Rxb2 51. Kxh4 b4 52. Ngxe6+ 1-0

[Event "Bogota University op 9th"]
[Site "Bogota"]
[Date "2015.10.10"]
[Round "5"]
[White "Gomez, Dario G"]
[Black "Pardo, Alejandro"]
[Result "1/2-1/2"]
[WhiteElo "1991"]
[BlackElo "2210"]
[PlyCount "45"]
[EventDate "2015.10.08"]
[EventType "swiss"]
[EventRounds "9"]
[EventCountry "COL"]
[SourceTitle "CBM 168 Extra"]
[Source "ChessBase"]
[SourceDate "2015.10.29"]
[SourceVersion "1"]
[SourceVersionDate "2015.10.29"]
[SourceQuality "1"]

1. c4 Nf6 2. Nc3 g6 3. e4 d6 4. g3 c5 5. Bg2 Nc6 6. Nge2 Bg7 7. h3 0-0 8. 0-0 e5 9. d3 Be6 10. Be3 Qd7 11. Kh2 Nd4 12. f4 Rab8 13. Qd2 a6 14. g4 exf4 15. Bxf4 b5 16. Nxd4 cxd4 17. Nd5 bxc4 18. dxc4 Rfe8 19. Bg5 Bxd5 20. Bxf6 Bxe4 21. Bxg7 Bxg2 22. Kxg2 Kxg7 23. Qxd4+ 1/2-1/2

[Event "Medellin Flores op 20th"]
[Site "Medellin"]
[Date "2014.08.08"]
[Round "4"]
[White "Gomez, Dario G"]
[Black "Arboleda Orozco, Juan M"]
[Result "1-0"]
[WhiteElo "2059"]
[BlackElo "1863"]
[PlyCount "51"]
[EventDate "2014.08.06"]
[EventType "swiss"]
[EventRounds "9"]
[EventCountry "COL"]
[SourceTitle "CBM 162 Extra"]
[Source "ChessBase"]
[SourceDate "2014.10.17"]
[SourceVersion "1"]
[SourceVersionDate "2014.10.17"]
[SourceQuality "1"]

1. c4 g6 2. Nc3 Bg7 3. e4 d6 4. g3 Nf6 5. h3 0-0 6. Bg2 e5 7. d3 Nc6 8. Nge2 Ne8 9. 0-0 f5 10. f4 Ne7 11. Be3 c6 12. Qd2 Be6 13. Rad1 Qd7 14. Kh2 Rd8 15. b3 d5 16. cxd5 cxd5 17. fxe5 dxe4 18. d4 Nc7 19. Nf4 Ncd5 20. Nxe6 Qxe6 21. Bg5 Rd7 22. Nb5 Nc8 23. Rc1 a6 24. Nc3 Nb4 25. Nxe4 Nxa2 26. Nc5 1-0

[Event "Medellin Flores op 20th"]
[Site "Medellin"]
[Date "2014.08.07"]
[Round "3"]
[White "Torres, Juan Camilo"]
[Black "Gomez, Dario G"]
[Result "1-0"]
[WhiteElo "2331"]
[BlackElo "2059"]
[PlyCount "63"]
[EventDate "2014.08.06"]
[EventType "swiss"]
[EventRounds "9"]
[EventCountry "COL"]
[SourceTitle "CBM 162 Extra"]
[Source "ChessBase"]
[SourceDate "2014.10.17"]
[SourceVersion "1"]
[SourceVersionDate "2014.10.17"]
[SourceQuality "1"]

1. d4 d6 2. Nf3 Nf6 3. g3 b6 4. Bg2 Bb7 5. 0-0 Nbd7 6. c4 g6 7. Nc3 Bg7 8. Qc2 0-0 9. e4 e5 10. b3 Re8 11. Bb2 Nh5 12. Rad1 exd4 13. Nxd4 Ne5 14. Rfe1 Nc6 15. Nxc6 Bxc6 16. Nd5 Bxb2 17. Qxb2 Bxd5 18. Rxd5 Nf6 19. Rdd1 Rb8 20. e5 Nh5 21. Bc6 Re7 22. Qc3 Qf8 23. exd6 Rxe1+ 24. Qxe1 cxd6 25. Qb4 Rd8 26. Re1 Rb8 27. Qa4 a5 28. Bf3 Ng7 29. Qc6 Ne6 30. Rd1 Qg7 31. Qxd6 Qb2 32. Qxb8+ 1-0

[Event "Bogota McGregor op 4th"]
[Site "Bogota"]
[Date "2013.12.08"]
[Round "9"]
[White "Melo Ramirez, Marlon Roman"]
[Black "Gomez, Dario G"]
[Result "1-0"]
[WhiteElo "1908"]
[BlackElo "2082"]
[PlyCount "81"]
[EventDate "2013.12.04"]
[EventType "swiss"]
[EventRounds "9"]
[EventCountry "COL"]
[SourceTitle "CBM 157 Extra"]
[Source "ChessBase"]
[SourceDate "2013.12.19"]
[SourceVersion "1"]
[SourceVersionDate "2013.12.19"]
[SourceQuality "1"]

1. e4 c5 2. Nc3 a6 3. a4 b6 4. Bc4 Nc6 5. f4 e6 6. Nf3 Bb7 7. d3 Nge7 8. 0-0 g6 9. Qe1 Nb4 10. Bb3 Bg7 11. Kh1 Rc8 12. f5 gxf5 13. Qg3 Kf8 14. Bg5 h6 15. Bd2 Rg8 16. Qh3 d5 17. exd5 Nbxd5 18. Bxh6 Qd6 19. Qh5 Rh8 20. Bxg7+ Kxg7 21. Qg5+ Ng6 22. Nxd5 Bxd5 23. Bxd5 Qxd5 24. Rae1 Rcg8 25. Rf2 Kf8 26. Qf6 Qd6 27. h3 Qe7 28. Qc3 Nh4 29. Qe5 Nxf3 30. Rxf3 Qb7 31. Qd6+ Ke8 32. Re2 Rh5 33. Rfe3 Rh6 34. Rg3 Rgh8 35. Kh2 Rh4 36. Rg7 R4h6 37. Rxe6+ Rxe6 38. Qxe6+ Kf8 39. Qe5 Rh6 40. Rg3 Qd7 41. Qg7+ 1-0